000 00573nam a2200193Ia 4500
005 20250508150731.0
008 008 250505s9999 xx 000 0 eng d
037 _aBooks to be hide in OPAC
040 _aFEDL
_beng
_cFEDL
041 _aeng
_2eng
084 _a370.58, NAT/O
_qFEDL
100 _aMonahan A C et. al
_9757500
245 0 _aTwelfth year book of the national society for the study of education. Part 2
260 _c1913
300 _a114p.
650 _aSchool Administration
942 _cHB
_h370.58, NAT/O
999 _c1325345
_d1325345